<?xml version="1.0" encoding="UTF-8"?>
<record
    xmlns:xsi="http://www.w3.org/2001/XMLSchema-instance"
    xsi:schemaLocation="http://www.loc.gov/MARC21/slim http://www.loc.gov/standards/marcxml/schema/MARC21slim.xsd"
    xmlns="http://www.loc.gov/MARC21/slim">

  <leader>01775cam a2200445Ia 4500</leader>
  <controlfield tag="001">ocm45858355 </controlfield>
  <controlfield tag="003">OCoLC</controlfield>
  <controlfield tag="005">20220326193334.0</controlfield>
  <controlfield tag="008">010921s2000    sw ah    b    000 0 eng d</controlfield>
  <datafield tag="020" ind1=" " ind2=" ">
    <subfield code="a">390824739X</subfield>
  </datafield>
  <datafield tag="040" ind1=" " ind2=" ">
    <subfield code="a">ILO</subfield>
    <subfield code="c">ILO</subfield>
    <subfield code="d">DPL</subfield>
    <subfield code="d">OCL</subfield>
    <subfield code="d">AVA</subfield>
  </datafield>
  <datafield tag="041" ind1="0" ind2=" ">
    <subfield code="a">engfre</subfield>
  </datafield>
  <datafield tag="049" ind1=" " ind2=" ">
    <subfield code="a">AVAM</subfield>
    <subfield code="l">e</subfield>
  </datafield>
  <datafield tag="082" ind1=" " ind2=" ">
    <subfield code="a">709.2</subfield>
    <subfield code="b">B777 i</subfield>
  </datafield>
  <datafield tag="090" ind1=" " ind2=" ">
    <subfield code="a">NC139.B675</subfield>
    <subfield code="b">A4 2000</subfield>
  </datafield>
  <datafield tag="100" ind1="1" ind2=" ">
    <subfield code="a">Bourgeois, Louise,</subfield>
    <subfield code="d">1911-2010</subfield>
    <subfield code="9">3066</subfield>
  </datafield>
  <datafield tag="245" ind1="1" ind2="4">
    <subfield code="a">The insomnia drawings /</subfield>
    <subfield code="c">Louise Bourgeois ; [edited by Peter Fischer with the collaboration of Jerry Gorovy].</subfield>
  </datafield>
  <datafield tag="260" ind1=" " ind2=" ">
    <subfield code="a">Zurich :</subfield>
    <subfield code="b">Daros,</subfield>
    <subfield code="c">c2000.</subfield>
  </datafield>
  <datafield tag="300" ind1=" " ind2=" ">
    <subfield code="a">2 v. :</subfield>
    <subfield code="b">col. ill., facsims. ;</subfield>
    <subfield code="c">32 cm.</subfield>
  </datafield>
  <datafield tag="500" ind1=" " ind2=" ">
    <subfield code="a">In English and French.</subfield>
  </datafield>
  <datafield tag="500" ind1=" " ind2=" ">
    <subfield code="a">"Selections from the Daros collection" -- T.p. verso.</subfield>
  </datafield>
  <datafield tag="500" ind1=" " ind2=" ">
    <subfield code="a">"[T]his publication coincides with a complete presentation of the Insomnia drawings ... from December 4, 2000, to late May 2001 at ... Tate Modern ... London" -- v. 2, p. 7.</subfield>
  </datafield>
  <datafield tag="504" ind1=" " ind2=" ">
    <subfield code="a">Includes bibliographical references.</subfield>
  </datafield>
  <datafield tag="505" ind1="0" ind2=" ">
    <subfield code="a">v. 1: [Facsimile] -- v. 2: [Text] / texts by Marie-Laure Bernadac, Elisabeth Bronfen.</subfield>
  </datafield>
  <datafield tag="600" ind1="1" ind2="0">
    <subfield code="a">Bourgeois, Louise</subfield>
    <subfield code="d">1911-2010</subfield>
    <subfield code="v">Catalogs.</subfield>
    <subfield code="9">3522</subfield>
  </datafield>
  <datafield tag="600" ind1="1" ind2="0">
    <subfield code="a">Bourgeois, Louise</subfield>
    <subfield code="d">1911-2010</subfield>
    <subfield code="v">Biograf&#xED;a</subfield>
    <subfield code="9">3523</subfield>
  </datafield>
  <datafield tag="600" ind1="1" ind2="0">
    <subfield code="a">Bourgeois, Louise</subfield>
    <subfield code="d">1911-2010</subfield>
    <subfield code="v">Exhibitions.</subfield>
    <subfield code="9">3067</subfield>
  </datafield>
  <datafield tag="610" ind1="2" ind2="0">
    <subfield code="a">Daros Collection</subfield>
    <subfield code="x">Catalogs.</subfield>
    <subfield code="9">3524</subfield>
  </datafield>
  <datafield tag="650" ind1=" " ind2="0">
    <subfield code="a">Drawing, American</subfield>
    <subfield code="x">Private collections.</subfield>
    <subfield code="9">3525</subfield>
  </datafield>
  <datafield tag="650" ind1=" " ind2="0">
    <subfield code="a">Arte contempor&#xE1;neo</subfield>
    <subfield code="9">977</subfield>
  </datafield>
  <datafield tag="650" ind1=" " ind2="0">
    <subfield code="a">Ensayo</subfield>
    <subfield code="9">3526</subfield>
  </datafield>
  <datafield tag="650" ind1=" " ind2="0">
    <subfield code="a">Dibujo</subfield>
    <subfield code="9">3527</subfield>
  </datafield>
  <datafield tag="650" ind1=" " ind2="0">
    <subfield code="a">Escultura</subfield>
    <subfield code="9">3516</subfield>
  </datafield>
  <datafield tag="700" ind1="1" ind2=" ">
    <subfield code="a">Fischer, Peter,</subfield>
    <subfield code="d">1963-</subfield>
    <subfield code="9">3528</subfield>
  </datafield>
  <datafield tag="700" ind1="1" ind2=" ">
    <subfield code="a">Schmidheiny, Stephan</subfield>
    <subfield code="9">3529</subfield>
  </datafield>
  <datafield tag="700" ind1="1" ind2=" ">
    <subfield code="a">Bernadac, Marie-Laure.</subfield>
    <subfield code="9">3149</subfield>
  </datafield>
  <datafield tag="700" ind1="1" ind2=" ">
    <subfield code="a">Bronfen, Elisabeth.</subfield>
    <subfield code="9">3530</subfield>
  </datafield>
  <datafield tag="710" ind1="2" ind2=" ">
    <subfield code="a">Daros Collection.</subfield>
    <subfield code="9">3531</subfield>
  </datafield>
  <datafield tag="710" ind1="2" ind2=" ">
    <subfield code="a">Tate Modern (Gallery)</subfield>
    <subfield code="9">1658</subfield>
  </datafield>
  <datafield tag="999" ind1=" " ind2=" ">
    <subfield code="c">736</subfield>
    <subfield code="d">736</subfield>
  </datafield>
  <datafield tag="952" ind1=" " ind2=" ">
    <subfield code="0">0</subfield>
    <subfield code="1">0</subfield>
    <subfield code="2">ddc</subfield>
    <subfield code="4">0</subfield>
    <subfield code="7">0</subfield>
    <subfield code="a">LV</subfield>
    <subfield code="b">LV</subfield>
    <subfield code="c">Monograf&#xED;as</subfield>
    <subfield code="d">2015-08-31</subfield>
    <subfield code="l">0</subfield>
    <subfield code="o">709.2 B777 i  I</subfield>
    <subfield code="p">000625</subfield>
    <subfield code="r">2015-08-31 00:00:00</subfield>
    <subfield code="w">2015-08-31</subfield>
    <subfield code="y">01</subfield>
  </datafield>
  <datafield tag="952" ind1=" " ind2=" ">
    <subfield code="0">0</subfield>
    <subfield code="1">0</subfield>
    <subfield code="2">ddc</subfield>
    <subfield code="4">0</subfield>
    <subfield code="7">0</subfield>
    <subfield code="a">LV</subfield>
    <subfield code="b">LV</subfield>
    <subfield code="c">Monograf&#xED;as</subfield>
    <subfield code="d">2015-08-31</subfield>
    <subfield code="l">0</subfield>
    <subfield code="o">709.2 B777 i  II</subfield>
    <subfield code="p">000626</subfield>
    <subfield code="r">2015-08-31 00:00:00</subfield>
    <subfield code="w">2015-08-31</subfield>
    <subfield code="y">01</subfield>
  </datafield>
</record>
